Detalles MARC
| 000 -LEADER |
| fixed length control field |
03558nam a2200325 a 4500 |
| 001 - CONTROL NUMBER |
| control field |
000037743 |
| 003 - CONTROL NUMBER IDENTIFIER |
| control field |
DO-SdBNP |
| 005 - DATE AND TIME OF LATEST TRANSACTION |
| control field |
20230505103240.0 |
| 008 - FIXED-LENGTH DATA ELEMENTS--GENERAL INFORMATION |
| fixed length control field |
130305s2012 dr 000 0 spa d |
| 020 ## - INTERNATIONAL STANDARD BOOK NUMBER |
| International Standard Book Number |
9789993446170 |
| 040 ## - CATALOGING SOURCE |
| Original cataloging agency |
DO-SdBNP |
| Language of cataloging |
spa |
| Transcribing agency |
BPMSU |
| 082 #4 - DEWEY DECIMAL CLASSIFICATION NUMBER |
| Classification number |
801.93 |
| Item number |
R789b 2012 |
| Edition number |
22 |
| 100 1# - MAIN ENTRY--PERSONAL NAME |
| Personal name |
Rosario Candelier, Bruno, |
| Dates associated with a name |
1941- |
| 245 13 - TITLE STATEMENT |
| Title |
La belleza y el sentido : |
| Remainder of title |
teoría de la creación literaria / |
| Statement of responsibility, etc. |
Bruno Rosario Candelier ; editor José Enrique García |
| 246 13 - VARYING FORM OF TITLE |
| Title proper/short title |
Teoría de la creación literaria |
| 260 ## - PUBLICATION, DISTRIBUTION, ETC. (IMPRINT) |
| Place of publication, distribution, etc. |
Santo Domingo : |
| Name of publisher, distributor, etc. |
Ateneo Insular, |
| Date of publication, distribution, etc. |
2012. |
| 300 ## - PHYSICAL DESCRIPTION |
| Extent |
488 p. ; |
| Dimensions |
24 cm. |
| 490 0# - SERIES STATEMENT |
| Series statement |
Por las amenas liras, |
| Volume/sequential designation |
13 |
| 500 ## - GENERAL NOTE |
| General note |
Incluye datos biográficos del autor en las solapas de la cubierta. |
| 505 ## - FORMATTED CONTENTS NOTE |
| Formatted contents note |
La energía interior de la conciencia, 9.-- Teoría de la creación. La imagen y el concepto en la gestación de la creación, 15.-- Expresión de la belleza y el sentido. La belleza de la forma y el concepto, 29.-- Realidad, intuición y creatividad. Lenguaje, conciencia y sabiduría, 37.-- La dimensión intelectual y estética en el proceso de la creación, 47.-- La forma y el sentido en el proceso de la creación, 55.-- Dimensión conceptual y estética en la creación literaria, 61.-- Factores espirituales y estéticos en la gestación de la creación, 73.-- La dimensión lingüística y literaria en el arte de la creación verbal, 87.-- Cotidianidad y trascendencia en la creación literaria, 93.-- Intuición, inspiración y creación. Impulso y energía creadora, 105.-- Intuición, inspiración y revelación. El desarrollo del talento creador, 113.-- Intuición y reflexión en el proceso de la creación, 125.-- La intuición y la sensibilidad en el arte de la creación, 133.-- Vertientes de la creatividad en la obra de creación, 149.-- La intuición de la belleza en el proceso de la creación, 161.-- La intuición del sentido en el proceso de la creación, 175.-- La revelación del numen en la conciencia y la creación, 185.-- La belleza y el sentido en la gestación de la creación, 191.-- Impulso de la creación y energía de la creatividad, 203.-- Voz personal y voz universal en el arte de la creación, 211.-- Vertiente emotiva y conceptual de la creación literaria, 223.-- La emoción estética en el proceso de la creación, 233.-- El aliento conceptual y estético en el proceso de la creación, 239.-- La voz interior y la voz universal en la creación literaria, 249.-- La voz de la revelación en la obra de creación, 261.-- Estudios literarios. Estirpe de la palabra inspiradora. La poesía de Hugo Tolentino Dipp, 275.-- Emoción estética y aliento reflexivo en la poesía de Pedro José Gris, 285.-- Conciencia espiritual y estética de Guillermo Pérez Castillo, 293.-- La imaginación metafísica en la lírica de Pedro Ovalles, 303.-- La pasión amorosa y estética en la lírica de Carmen Comprés, 315.-- La conexión cósmica en la lírica de Conny Palacios, 327.-- Fundamento estético del interiorismo. Conciencia, interioridad y creación, 347.-- Cartas y correos literarios. Temas interioristas y literarios, 375.-- Conclusión, 479. |
| 590 ## - LOCAL NOTE (RLIN) |
| Local note |
Inventariado, 2023/VM |
| 650 #4 - SUBJECT ADDED ENTRY--TOPICAL TERM |
| Topical term or geographic name as entry element |
Creación literaria, artística, etc. |
| 650 #4 - SUBJECT ADDED ENTRY--TOPICAL TERM |
| Topical term or geographic name as entry element |
Filosofía del arte |
| 650 #4 - SUBJECT ADDED ENTRY--TOPICAL TERM |
| Topical term or geographic name as entry element |
Literatura dominicana |
| General subdivision |
Crítica e interpretación |
| 650 #4 - SUBJECT ADDED ENTRY--TOPICAL TERM |
| Topical term or geographic name as entry element |
Movimientos literarios |
| Chronological subdivision |
Crítica e interpretación |
| 650 #4 - SUBJECT ADDED ENTRY--TOPICAL TERM |
| Topical term or geographic name as entry element |
Literatura |
| Form subdivision |
Enseñanza. |
| 700 1# - ADDED ENTRY--PERSONAL NAME |
| Personal name |
Enrique García, José |
| Relator term |
ed. |
| 910 ## - USER-OPTION DATA (OCLC) |
| User-option data |
VMateo V. Control de calidad (BPMSU) |
| 942 ## - ADDED ENTRY ELEMENTS (KOHA) |
| Source of classification or shelving scheme |
Dewey Decimal Classification |
| Koha item type |
Libros |